000 01001nam a22001817a 4500
003 IT-RoPau
005 20220918175937.0
008 130109b xxu||||| |||| 00| 0 eng d
040 _cIT-RoPau
100 _aAlberione [James] Giacomo
_qFondatore Famiglia Paolina
_9131
245 _aUntil Christ Be Formed in You.
_bDonec Formetur Christus in Vobis by REV. James Alberione, S.S.P., S.T.D. Translated by The Daughters of St. Paul
250 _aI
260 _aBoston
_bFSP
_c1983
300 _a98 p.
_c18 cm
490 _aSt. Paul Edition
_vI
520 _a CONTENTS PREAMBLE THE PURGATIVE WAY THE ILLUMINATIVE WAY THE UNITIVE WAY MEANS OF GRACE APOSTOLATE OF THE PRESS USEFUL CONCEPTS
942 _2ddc
_cBK
999 _c37726
_d37726